[Event "Tournoi francophone 022F"]
[Site "Skype"]
[Date "????.??.??"]
[Round "7.3"]
[White "Lecluyse, Koenraad"]
[Black "Maccaferri, Massimo"]
[Result "0-1"]
[WhiteElo "1458"]
[BlackElo "1444"]
[PlyCount "24"]

1. d4 e5 2. dxe5 Nc6 3. Nf3 Qe7 4. Bf4 Qb4+ 5. Nc3 Qxf4 6. e3 Qb4 7. a3 Qxb2 8.
Rb1 Qxc3+ 9. Nd2 Bxa3 10. Bb5 Nb4 11. O-O Nxc2 12. Qxc2 Qxc2 0-1

[Event "Tournoi francophone 022F"]
[Site "Skype"]
[Date "????.??.??"]
[Round "7.5"]
[White "Dhenain, Sebastien"]
[Black "Blanchard, Colette"]
[Result "1/2-1/2"]
[WhiteElo "1423"]
[BlackElo "1538"]
[PlyCount "120"]

1. e4 e5 2. Nf3 d6 3. d4 Nc6 4. dxe5 dxe5 5. Qxd8+ Kxd8 6. Bb5 f6 7. Nc3 Bd6 8.
O-O Be6 9. Rd1 Ke7 10. Nd5+ Kf7 11. Bd2 Nge7 12. Nxe7 Kxe7 13. Bxc6 bxc6 14. a3
Bg4 15. h3 Bh5 16. g4 Bg6 17. Re1 h5 18. Nh4 Kf7 19. Nxg6 Kxg6 20. gxh5+ Rxh5
21. Kh2 Kf7 22. Kg2 Rah8 23. Rh1 g5 24. Rad1 Bf8 25. Bb4 Bxb4 26. axb4 Kg6 27.
Rd3 Rh4 28. Rg3 Rxe4 29. c3 Rhh4 30. Rd1 Kf5 31. Rdd3 Ref4 32. Rdf3 e4 33.
Rxf4+ Rxf4 34. Kf1 Kg6 35. Kg2 Kh5 36. f3 e3 37. Kf1 Kh4 38. Rg4+ Rxg4 39. hxg4
Kg3 40. Ke2 Kf4 41. b3 a6 42. c4 Ke5 43. Kxe3 Kd6 44. c5+ Kd5 45. Kd3 Ke5 46.
Ke3 Kd5 47. f4 gxf4+ 48. Kxf4 Ke6 49. Ke4 Kf7 50. Kf5 Kg7 51. Kf4 Kg6 52. Kg3
f5 53. Kf4 fxg4 54. Kg3 Kg5 55. Kg2 Kf4 56. Kg1 Kf3 57. Kh2 g3+ 58. Kg1 g2 59.
b5 axb5 60. b4 Kg3 1/2-1/2

[Event "Tournoi francophone 022F"]
[Site "Skype"]
[Date "????.??.??"]
[Round "8.1"]
[White "Soubrier, Laure"]
[Black "Blanchard, Colette"]
[Result "1/2-1/2"]
[WhiteElo "1450"]
[BlackElo "1538"]
[PlyCount "124"]

1. e4 e5 2. Nf3 Nc6 3. Bb5 d6 4. Bxc6+ bxc6 5. c4 Nf6 6. Nc3 Be7 7. d3 O-O 8.
Be3 h6 9. d4 Nd7 10. Qd2 g5 11. h3 Bf6 12. Ne2 Re8 13. Ng3 c5 14. Nf5 exd4 15.
N3xd4 cxd4 16. Bxd4 Rxe4+ 17. Be3 Bg7 18. b3 Bb7 19. Rb1 Re5 20. Ng3 Bxg2 21.
Rg1 Bxh3 22. Nh5 Bf5 23. Rc1 Bg6 24. Nxg7 Kxg7 25. Qd4 Qf6 26. Kd2 Re4 27.
Qxf6+ Nxf6 28. Rg3 Rg4 29. Rxg4 Nxg4 30. Bd4+ f6 31. f3 Nh2 32. Ke3 Bh5 33. f4
Nf3 34. Bc3 Kf7 35. Rh1 gxf4+ 36. Kxf4 Kg6 37. Kg3 a6 38. Rf1 Ng5 39. Rxf6+ Kh7
40. Kh4 Rg8 41. Kxh5 Nh3 42. Rf1 Rg5+ 43. Kh4 Nf4 44. Rxf4 Kg6 45. Rf6+ Kh7 46.
Rf7+ Kg6 47. Rxc7 Rh5+ 48. Kg4 Rh1 49. Bd4 h5+ 50. Kf4 h4 51. Ke4 h3 52. Rg7+
Kh5 53. Rg1 Rxg1 54. Bxg1 Kg4 55. Kd5 Kg3 56. Kxd6 Kg2 57. c5 Kxg1 58. c6 h2
59. c7 h1=Q 60. c8=Q Qh6+ 61. Qe6 Qd2+ 62. Qd5 Qxa2 1/2-1/2